| 000 | 00357nam a22001337a 4500 | ||
|---|---|---|---|
| 008 | 180126b xxu||||| |||| 00| 0 eng d | ||
| 020 | _a089352137X | ||
| 041 | _aeng | ||
| 080 | _a616.8 | ||
| 100 | _a8 | ||
| 101 | _aKAN | ||
| 245 |
_aTumors of the Central Nervous System: Modern Radiotherapyin Multidisciplinary Management _cChang, CH.H |
||
| 942 |
_2udc _cBK |
||
| 999 |
_c41018 _d41018 |
||